Films avec le nom d'une ville dans le titre. - Statistiques

Statistiques générales
  • Ce quiz a été pris 162 fois
    153 depuis la dernière actualisation
  • Le résultat moyen est 9 sur 20
Statistiques - réponses
Ville % Correct
Brice de {Nice}
99%
La Traversée de {Paris}
89%
Les Demoiselles de {Rochefort}
81%
The Grand {Budapest} Hôtel
78%
{New York} 1997
64%
Dernier train pour {Busan}
55%
Sur la route de {Madison}
53%
L'Homme de {Rio}
49%
Nuits blanches à {Seattle}
45%
{Hiroshima} mon amour
44%
{Manchester} by the Sea
44%
La Dame de {Shanghai}
30%
Bons baisers de {Bruges}
27%
{Miami} Vice - Deux flics à {Miami}
26%
Les Derniers Jours de {Pompei}
25%
Voyage à {Tokyo}
25%
{Le Mans} 66
20%
Jugement à {Nuremberg}
16%
La Bataille d'{Alger}
14%
Taxi {Téhéran}
10%
Aucun quiz correspondant
Distribution des résultats
% des personnes avec chaque résultat
Percentile par nombre de réponses
Votre historique - résultats
Vous n’avez pas pris ce quiz depuis la dernière actualisation